000 00464nam a2200169Ia 4500
999 _c1300
_d1300
003 OSt
005 20200930111733.0
008 190216s9999||||xx |||||||||||||| ||und||
040 _coclc
082 _a585
_bSPO/M
100 _aSporne, K R
_95186
245 0 _aThe Morphology Of Gymnosperms /
_cK R Sporne
260 _bBi Publications,
_c1965.
_aNew Delhi:
300 _a215p
650 _aBotany
942 _cBK
_2ddc
_h585
_iSPO/M
_k585
_mSPO/M